Statistics for 日本三大うどん

Click here to take the quiz!

General Stats

  • This quiz has been taken 54 times
  • The average score is 3 of 5

Answer Stats

Answer% Correct
讃岐うどん
96%
稲庭うどん
76%
水沢うどん
37%
五島うどん
27%
氷見うどん
20%

Score Distribution

Percentile by Number Answered

Percent of People with Each Score

Your Score History

You have not taken this quiz